| 000 | 01119cam a2200313 i 4500 | ||
|---|---|---|---|
| 999 |
_c14507 _d14507 |
||
| 001 | 18659982 | ||
| 005 | 20191001090312.0 | ||
| 008 | 150615t20172017maua 001 0 eng c | ||
| 010 | _a 2015944033 | ||
| 020 | _a978-1-305-65800-4 (student edition) | ||
| 035 | _a(OCoLC)ocn914290751 | ||
| 040 |
_aYDXCP _beng _cYDXCP _erda _dBTCTA _dOCLCQ _dUPM _dOCLCF _dDLC |
||
| 042 | _apcc | ||
| 050 | 0 | 0 |
_aQA184.2 _b.L39 2017 |
| 082 | 0 | 0 |
_aDC 512.5 _22017 _bL329 |
| 100 | 1 |
_aLarson, Ron, _d1941- _eauthor. _922877 |
|
| 245 | 1 | 0 |
_aElementary linear algebra / _cRon Larson, The Pennsylvania State University, The Behrend College. |
| 250 | _aEighth edition; student edition. | ||
| 260 |
_aBoston, MA : _bCengage Learning, _c©2017. |
||
| 300 |
_axiv, 398, 47 pages : _billustrations (some color) ; _c29 cm |
||
| 500 | _aIncludes index. | ||
| 650 | 0 |
_aAlgebras, Linear. _922521 |
|
| 650 | 7 |
_aAlgebras, Linear. _2fast _922521 |
|
| 365 |
_b10,860.00 _cPhp |
||
| 906 |
_a7 _bcbc _cpccadap _d2 _encip _f20 _gy-gencatlg |
||
| 942 |
_2ddc _cDC |
||